[Event "TUR-chT2"]
[Site "Konya"]
[Date "2017.07.12"]
[Round "5.12"]
[White "Erden, Ferdi"]
[Black "Bilir, Bora"]
[Result "1-0"]
[WhiteElo "1842"]
[BlackElo "1707"]
[PlyCount "69"]
[EventDate "2017.07.09"]
[EventType "team-swiss"]
[EventRounds "9"]
[EventCountry "TUR"]
[SourceTitle "CBM 179 Extra"]
[Source "ChessBase"]
[SourceDate "2017.08.23"]
[SourceVersion "1"]
[SourceVersionDate "2017.08.23"]
[SourceQuality "1"]
[WhiteTeam "Dobruca"]
[BlackTeam "Genclik Egitim"]
[WhiteTeamCountry "TUR"]
[BlackTeamCountry "TUR"]

1. Nf3 Nf6 2. g3 d5 3. Bg2 e6 4. 0-0 Be7 5. c4 0-0 6. b3 c5 7. d3 Nc6 8. Nbd2 d4 9. Ng5 Qc7 10. Nge4 Nxe4 11. Nxe4 b6 12. a3 Bb7 13. e3 f5 14. Nd2 Bf6 15. e4 Rae8 16. f4 g6 17. e5 Bd8 18. Nf3 Rf7 19. Bd2 Be7 20. Qe2 a5 21. Rab1 Rff8 22. Rb2 Rb8 23. Rfb1 Rfd8 24. h4 h5 25. Ne1 Ba8 26. Kh2 Bf8 27. Nf3 Be7 28. Kg1 Kg7 29. Qf1 Kg8 30. Ne1 Bf8 31. Bf3 Kg7 32. Qe2 Kg8 33. Nc2 Kg7 34. Kg2 Kg8 35. Qe1 1-0

[Event "TUR-chT2"]
[Site "Konya"]
[Date "2017.07.11"]
[Round "4.7"]
[White "Ozdemir, Serhan Berat"]
[Black "Erden, Ferdi"]
[Result "1-0"]
[WhiteElo "1854"]
[BlackElo "1842"]
[PlyCount "129"]
[EventDate "2017.07.09"]
[EventType "team-swiss"]
[EventRounds "9"]
[EventCountry "TUR"]
[SourceTitle "CBM 179 Extra"]
[Source "ChessBase"]
[SourceDate "2017.08.23"]
[SourceVersion "1"]
[SourceVersionDate "2017.08.23"]
[SourceQuality "1"]
[WhiteTeam "Genclik Merkezi Genc"]
[BlackTeam "Dobruca"]
[WhiteTeamCountry "TUR"]
[BlackTeamCountry "TUR"]

1. e4 c5 2. Nc3 d6 3. f4 e6 4. Nf3 Nc6 5. Bc4 a6 6. a4 Nf6 7. d3 Be7 8. 0-0 0-0 9. Bb3 Rb8 10. Qe1 b5 11. axb5 axb5 12. e5 Ne8 13. Ne2 f5 14. exd6 Qxd6 15. Kh1 Bf6 16. Ng3 g6 17. Rb1 Nc7 18. Qf2 Nd4 19. Nxd4 cxd4 20. Bd2 b4 21. Ne2 Bb7 22. Ng1 Bd5 23. Bxd5 Nxd5 24. Ne2 Qb6 25. b3 Rfc8 26. Rfc1 Rc6 27. Qe1 Ra8 28. Rb2 Qa5 29. Rbb1 Rac8 30. Ra1 Qb6 31. Ra2 Ne3 32. Bxe3 dxe3 33. Qd1 Bc3 34. Nxc3 Rxc3 35. Qe2 Qd4 36. g3 Rxd3 37. Qxd3 Qxd3 38. cxd3 Rxc1+ 39. Kg2 Rc3 40. d4 Rxb3 41. Kf3 Rc3 42. Ra7 h5 43. Re7 b3 44. Rxe6 Kf7 45. Rb6 Ke7 46. Rxg6 Kd7 47. Rf6 Rc6 48. Rf7+ Ke8 49. Rxf5 Rb6 50. Rc5 Ke7 51. Rc1 b2 52. Rb1 Rb3 53. f5 Kd6 54. h3 Kd5 55. g4 hxg4+ 56. hxg4 e2+ 57. Kxe2 Rg3 58. Kf2 Rxg4 59. Rxb2 Rf4+ 60. Ke3 Re4+ 61. Kf3 Rxd4 62. Re2 Kd6 63. f6 Kd7 64. f7 Rd1 65. f8Q 1-0